Normal view
MARC view
- Shaukat,Imaad Jalil,Fahad & Hassan,syed raza
Entry Personal Name
001 - CONTROL NUMBER
- control field: 4895
003 - CONTROL NUMBER IDENTIFIER
- control field: NUST
005 - DATE AND TIME OF LATEST TRANSACTION
- control field: 20170922154043.0
008 - FIXED-LENGTH DATA ELEMENTS
- fixed length control field: 170922|| aca||aabn | a|a d
040 ## - CATALOGING SOURCE
- Original cataloging agency: NUST
- Transcribing agency: NUST
100 ## - HEADING--PERSONAL NAME
- Personal name: Shaukat,Imaad Jalil,Fahad & Hassan,syed raza
670 ## - SOURCE DATA FOUND
- Source citation: Work cat.: (NUST): Shaukat,Imaad Jalil,Fahad & Hassan,syed raza, The analytical diagnosis of pakistans low capital inflows vis-a-vis emerging regional economies despite higher interest rates, 2014
